A Revolução Educacional Cubana (Registo nº 199018)
[ vista simples ]
| 000 -Etiqueta do registo | |
|---|---|
| Valores | 00724nam 22002173 4500 |
| 100 ## - Dados gerais de processamento | |
| Dados gerais | 20251113d u||y0pory50 ba |
| 101 ## - Língua de publicação | |
| Língua | Português |
| 200 ## - Titulo e menção de responsabilidade | |
| Título próprio | A Revolução Educacional Cubana |
| Primeira menção de responsabilidade | Arthur Gillette |
| Outras menções de responsabilidade | Prefácio de Roberto Marques ; Tradução de Alexandre C. Cordeiro |
| 205 ## - Menção da edição | |
| Edição | 1ª |
| 210 ## - Publicação | |
| Local de publicação | Lisboa |
| Nome do editor | Moraes Editores |
| Data de publicação | 1977 |
| 215 ## - Descrição física | |
| Paginação / Volumes | 120, [4] p. |
| Outras indicações físicas | Brochado |
| Dimensões | 20 cm |
| 225 ## - Colecção | |
| Título próprio da colecção | Psicologia e Pedagogia |
| 606 ## - Nome comum usado como assunto | |
| ID Autoridade | 14919 |
| Palavra de ordem | Ciências Sociais |
| Subdivisão assunto | Política Educacional |
| 675 ## - CDU | |
| Notação | 37.014(729.1)/GIL/REV |
| Edição | PT |
| Língua | por |
| 700 ## - Autor principal (pessoa individual) | |
| ID Autoridade | 14920 |
| Apelido | Gillette |
| Nome | Arthur |
| 702 ## - Autor secundário (pessoa individual) | |
| ID Autoridade | 14921 |
| Apelido | Marques |
| Nome | Roberto |
| 801 ## - Fonte de origem | |
| País | PT |
| Agência | BMMN |
| Regras de catalogação | RPC |
| 830 ## - Notas gerais do catalogador | |
| Criado por | Carlos Pinto |
| Data de criação | 13-11-2025 |
| Indexado por | Carlos Pinto |
| 990 ## - Elementos KOHA | |
| Tipo de documento | Livro |
| Situação do levantamento | Biblioteca de origem | Código de barras | Cota | Permissão de empréstimo | Tipo de documento | Forma de aquisição |
|---|---|---|---|---|---|---|
| Escola Secundária de Montemor-o-Novo | 27701 | 37.014(729.1)/GIL/REV | Livro | Compra |